000 00829cam a2200193 4500
001 X117977
008 020515n2002 000 0 eng u
035 _a(Sirsi) u117978
245 _aR (on the application of Barket) v Waverley BC and BAE Systems plc
260 _c2002
490 _aJournal of Planning and Environment Law
_v[2002] JPL 87-97(10)
520 _aCA 5 April 2001. Application under Town and Country Planning Act 1990 s73 to have conditions removed. Material considerations. Legitimate expectation that conditions would be continued. [Taken from journal abstract].
650 _aR V WAVERLEY BC AND ANOTHER EX P BARKER
650 _aTOWN AND COUNTRY PLANNING ACT 1990 S73
650 _aMATERIAL CONSIDERATIONS
650 _aPLANNING CONDITIONS
690 _aPlanning and development
_96259
942 _n0
999 _c70264
_d70264